Misc. 4-to-9 Grid Collection Quiz Stats

 Plays Quiz Updated Feb 17, 2019

Score 0/36 Timer 06:00
0 Plays Today
% Correct
92.1%
91.3%
91.2%
90.6%
89.5%
88.8%
88.4%
88.1%
86.7%
82.7%
82.4%
81.2%
78.4%
77.3%
76.9%
76.4%
75.4%
75%
% Correct
74.8%
74.3%
73%
67.3%
62.9%
60.8%
60.2%
56.5%
55.2%
55.2%
50.8%
50%
48%
42.9%
30.2%
29.5%
28.5%
11.4%

You're not logged in!

Compare scores with friends on all Sporcle quizzes.
OR
Log In

Sporcle TV

Today on Sporcle TV


Watch our educational content, quiz creation guides, and fun videos on Sporcle TV.

Show Comments

Extras

Top Quizzes Today


Score Distribution

Your Account Isn't Verified!

In order to create a playlist on Sporcle, you need to verify the email address you used during registration. Go to your Sporcle Settings to finish the process.

Report this User

Report this user for behavior that violates our Community Guidelines.

Details: